<?xml version="1.0" encoding="UTF-8"?>
<collection xmlns="http://www.loc.gov/MARC21/slim">
 <record>
  <leader>01236nam a2200229   4500</leader>
  <controlfield tag="001">1/49550</controlfield>
  <controlfield tag="008">930323s1992    gr             01   gre d</controlfield>
  <datafield tag="035" ind1=" " ind2=" ">
   <subfield code="l">1040</subfield>
  </datafield>
  <datafield tag="040" ind1=" " ind2=" ">
   <subfield code="a">GR-PeUP</subfield>
  </datafield>
  <datafield tag="090" ind1=" " ind2=" ">
   <subfield code="a">001.642'5 AC ΜΤΦ</subfield>
  </datafield>
  <datafield tag="100" ind1="1" ind2=" ">
   <subfield code="a">Acerson, Karen L.</subfield>
  </datafield>
  <datafield tag="245" ind1="1" ind2="3">
   <subfield code="a">Το μεγάλο βιβλίο του Wordperfect 5.1/</subfield>
   <subfield code="c">Karen Acerson L. ; μτφ. Αδαμαντία Θέου, Γιώργος Ξηλωμένος.</subfield>
  </datafield>
  <datafield tag="260" ind1=" " ind2=" ">
   <subfield code="a">Αθήνα:</subfield>
   <subfield code="b">Κλειδάριθμος,</subfield>
   <subfield code="c">1992.</subfield>
  </datafield>
  <datafield tag="300" ind1=" " ind2=" ">
   <subfield code="a">2 τ. (1376 σ.) ;</subfield>
   <subfield code="c">24 εκ.</subfield>
  </datafield>
  <datafield tag="650" ind1=" " ind2="4">
   <subfield code="a">Ηλεκτρονικοί υπολογιστές</subfield>
   <subfield code="x">Προγράμματα (Word Perfect)</subfield>
  </datafield>
  <datafield tag="650" ind1=" " ind2="4">
   <subfield code="a">Wordperfect 5.1.</subfield>
  </datafield>
  <datafield tag="700" ind1="1" ind2=" ">
   <subfield code="a">Θέου, Αδαμαντία.</subfield>
  </datafield>
  <datafield tag="700" ind1="1" ind2=" ">
   <subfield code="a">Ξηλωμένος, Γιώργος.</subfield>
  </datafield>
  <datafield tag="852" ind1=" " ind2=" ">
   <subfield code="a">INST</subfield>
   <subfield code="b">UNIPILB</subfield>
   <subfield code="c">MAIN</subfield>
   <subfield code="e">20040709</subfield>
   <subfield code="h">001.642'5 AC ΜΤΦ</subfield>
   <subfield code="p">001-0000033</subfield>
   <subfield code="q">001-0000033</subfield>
   <subfield code="t">NOLOAN</subfield>
   <subfield code="v">τ.Α':</subfield>
   <subfield code="y">23</subfield>
   <subfield code="z">τ.Α'</subfield>
   <subfield code="4">2</subfield>
  </datafield>
  <datafield tag="852" ind1=" " ind2=" ">
   <subfield code="a">INST</subfield>
   <subfield code="b">UNIPILB</subfield>
   <subfield code="c">MAIN</subfield>
   <subfield code="e">20040709</subfield>
   <subfield code="h">001.642'5 AC ΜΤΦ</subfield>
   <subfield code="p">001-0000036</subfield>
   <subfield code="q">001-0000036</subfield>
   <subfield code="t">NOLOAN</subfield>
   <subfield code="v">τ.Β':</subfield>
   <subfield code="y">23</subfield>
   <subfield code="z">τ.Β'</subfield>
   <subfield code="4">2</subfield>
  </datafield>
  <datafield tag="852" ind1=" " ind2=" ">
   <subfield code="a">INST</subfield>
   <subfield code="b">UNIPILB</subfield>
   <subfield code="c">MAIN</subfield>
   <subfield code="e">20040709</subfield>
   <subfield code="h">001.642'5 AC ΜΤΦ</subfield>
   <subfield code="p">00123374</subfield>
   <subfield code="q">00123374</subfield>
   <subfield code="t">NOLOAN</subfield>
   <subfield code="v">τ.Α':</subfield>
   <subfield code="y">23</subfield>
   <subfield code="z">τ.Α'</subfield>
   <subfield code="4">1</subfield>
  </datafield>
  <datafield tag="852" ind1=" " ind2=" ">
   <subfield code="a">INST</subfield>
   <subfield code="b">UNIPILB</subfield>
   <subfield code="c">MAIN</subfield>
   <subfield code="e">20040709</subfield>
   <subfield code="h">001.642'5 AC ΜΤΦ</subfield>
   <subfield code="p">00123375</subfield>
   <subfield code="q">00123375</subfield>
   <subfield code="t">NOLOAN</subfield>
   <subfield code="v">τ.Β':</subfield>
   <subfield code="y">23</subfield>
   <subfield code="z">τ.Β'</subfield>
   <subfield code="4">1</subfield>
  </datafield>
 </record>
</collection>
